Project sponsor information /

Bibliographic Details
Corporate Author: United States. Trade and Development Agency
Format: Government Document eBook
Language:English
Published: Arlington, Va. : U.S. Trade and Development Agency, [2009?]
Subjects:
Online Access:https://purl.fdlp.gov/GPO/gpo31578

MARC

Tag First Indicator Second Indicator Subfields
LEADER 00000cam a2200000 a 4500
001 in00002782489
005 20211120170451.0
006 m o d f
007 cr cn|||||||||
008 121123s2009 vau o f000 0 eng c
035 |a (OCoLC)ocn819123271 
040 |a GPO  |c GPO  |d MvI  |d UtOrBLW 
042 |a pcc 
043 |a n-us--- 
049 |a WWW 
074 |a 1100-A-01 (online) 
086 0 |a TDA 1.2:SP 6 
110 1 |a United States.  |b Trade and Development Agency. 
245 1 0 |a Project sponsor information /  |c U.S. Trade and Development Agency. 
264 1 |a Arlington, Va. :  |b U.S. Trade and Development Agency,  |c [2009?] 
300 |a 1 online resource (6 pages) :  |b color illustrations 
336 |a text  |b txt  |2 rdacontent 
337 |a computer  |b c  |2 rdamedia 
338 |a online resource  |b cr  |2 rdacarrier 
500 |a Title from title screen (viewed on Nov. 23, 2012). 
500 |a Electronic resource. 
610 1 0 |a United States.  |b Trade and Development Agency. 
650 0 |a Foreign trade promotion  |z United States. 
650 0 |a Economic assistance, American  |z Developing countries. 
856 4 0 |u https://purl.fdlp.gov/GPO/gpo31578  |t 0 
999 |a MARS 
999 f f |s 65acd99b-e5d3-33da-8e0e-b08786857594  |i 3fe1a3f0-856a-3573-a955-1640594c3afa  |t 0 
952 f f |a Texas A&M University  |b College Station  |c Electronic Resources  |d Available Online  |t 0  |e TDA 1.2:SP 6  |h Superintendent of Documents classification 
998 f f |a TDA 1.2:SP 6  |t 0  |l Available Online